| 000 | 00421cam a2200181ua 4500 | ||
|---|---|---|---|
| 001 | 9209 | ||
| 008 | 160227n II |||gr||||Z||||||eng | ||
| 040 | _aMAIN | ||
| 041 | _aEnglish | ||
| 082 | _a370.54 RAI | ||
| 100 | _aRAI , B.C . | ||
| 245 | _aHISTORY OF INDIAN EDUCATION | ||
| 260 |
_a[s.l: _bs.n.] _c1992. |
||
| 300 |
_a176.: _c20CM. |
||
| 653 | _aIndian Education | ||
| 700 |
_aRAI , B.C ., _eAuthor. |
||
| 942 | _cBK | ||
| 999 |
_c9185 _d9185 |
||